LEADER 01579nam1-2200493---450- 001 990003142680203316 005 20120613150850.0 035 $a000314268 035 $aUSA01000314268 035 $a(ALEPH)000314268USA01 035 $a000314268 100 $a20080910d--------km-y0itay50------ba 101 $ager 102 $aDE 105 $a||||||||001yy 200 1 $aNovember 1918$eEine deutsche Revolution$fAlfred Döblin 210 $aMünchen$cDeutscher Taschenbuch Verlag 215 $av.$d18 cm 225 2 $adtv 300 $aIn cofanetto 410 0$12001$adtv 454 1$12001 461 1$1001-------$12001 463 \1$1001990003142710203316$12001 $a<> : Bürger und Soldaten 463 \1$1001990003142730203316$12001 $a<> : Verratenes Volk 463 \1$1001990003142740203316$12001 $a<> : Heimkehr der Fronttruppen 463 \1$1001990003142750203316$12001 $a<> : Karld und Rosa 606 0 $aLetteratura tedesca$xNarrativa$z1918 676 $a833.914 700 1$aDÖBLIN,$bAlfred$0387322 801 0$aIT$bsalbc$gISBD 912 $a990003142680203316 951 $aII.3.A.$bDSLL 959 $aBK 969 $aDSLL 979 $aDSLL$b90$c20080910$lUSA01$h1400 979 $aDSLL$b90$c20080910$lUSA01$h1402 979 $aDSLL$b90$c20080910$lUSA01$h1410 979 $aDSLL$b90$c20080910$lUSA01$h1427 979 $aDSLL$b90$c20080910$lUSA01$h1429 979 $aDSLL$b90$c20080910$lUSA01$h1602 979 $aMARANO$b90$c20120613$lUSA01$h1508 996 $aNovember 1918$91015389 997 $aUNISA LEADER 05426nam 22009135 450 001 996492064603316 005 20221104175118.0 010 $a3-8394-6092-1 024 7 $a10.1515/9783839460924 035 $a(CKB)5850000000077609 035 $a(DE-B1597)619195 035 $a(DE-B1597)9783839460924 035 $a(NjHacI)995850000000077609 035 $a(oapen)https://directory.doabooks.org/handle/20.500.12854/92294 035 $a(OCoLC)1346260527 035 $a(MiAaPQ)EBC30469270 035 $a(Au-PeEL)EBL30469270 035 $a(EXLCZ)995850000000077609 100 $a20221004h20222022 fg 101 0 $ager 135 $aur||#|||||||| 181 $ctxt$2rdacontent 182 $cc$2rdamedia 183 $acr$2rdacarrier 200 00$aSchriftlichkeit $eAktivität, Agentialität und Aktanten der Schrift /$fhrsg. von Alexander Nebrig, Martin Bartelmus 205 $a1st ed. 210 $aBielefeld$ctranscript Verlag$d2022 210 1$aBielefeld :$ctranscript Verlag,$d[2022] 210 4$d©2022 215 $a1 online resource (262 p.) 225 0 $aLettre 311 $a3-8376-6092-3 327 $tFrontmatter --$tInhalt --$tSchriftlichkeit und die Agentialität der Schrift. Eine Einleitung --$tNormalisierung als Bedingung von Schriftlichkeit am Beispiel digitaler Repräsentationen von Schrift --$tUnter der Oberfläche? Programmierte Schriftlichkeit in digitaler Lyrik --$tWor(l)ding: doing academia in queerfeministischen Schreibkollaborationen --$tDie Schriftlichkeit der Medusa: Insistierungen (Cixous ? Derrida) --$t?Erdbeermarmeladen-Queen-Saga? alias ?Das queere Leben der Anagramme? --$tEinschreibungen. Wissenschaftliche Gegenstandskonstitution als ethischer Akt bei Jacques Derrida und Karen Barad --$tWahrnehmung und Gebrauch unlesbarer Schrift in der modernen bildenden Kunst --$tPrekäre Schriftlichkeit. Zur Repräsentation unlesbarer und entstellter fiktiver Schriftstücke in literarischen Texten --$tZwischen Sprachstruktur und Sprachsinn ? Fremdheit als schriftliche Aktantin bei Yoko Tawada --$tFestschreiben und Freisprechen? Schriftlichkeit als Aktant von Machtasymmetrie und Metafiktionalität bei Denis Diderot, Alessandro Manzoni und Patrick Chamoiseau --$tDie Unterschrift verweigern? Überlegungen zur Agentialität der Signatur --$tReading the writings. Das Erbe von Derridas Schriftlichkeit in Rheinbergers historischer Epistemologie und Latours Akteur-Netzwerk-Theorie --$tAutor:innen 330 $aDie Erfahrung digitaler Schriftlichkeit hat nicht bloß die Materialität der Schrift bewusster gemacht, sondern auch die gegenwärtige Schriftpraxis als eine maschinell bedingte offenbart. Von diesem Befund ausgehend, nehmen die Beiträger*innen des Bandes die Agentialität der Schrift genauer in den Blick und prüfen auch für die analoge Praxis, welche Handlungsmacht sie besitzt. Mit ihrem Blick auf nicht-menschliche Aktanten sowie die Aktivität von Schrift machen sie deren spezifische Agentialität deutlich und geben rückwirkend Aufschluss über das weiterhin vage Konzept der Schriftlichkeit. 410 0$aLettre (Transcript (Firm)). 606 $aLITERARY CRITICISM / General$2bisacsh 610 $aAgentiality. 610 $aCulture. 610 $aDigital Humanities. 610 $aDigital Media. 610 $aDigitalization. 610 $aGender. 610 $aGerman Literature. 610 $aJacques Derrida. 610 $aKaren Barad. 610 $aLiterary Studies. 610 $aLiterature. 610 $aMateriality. 610 $aMedia Theory. 610 $aMedia. 610 $aText. 610 $aWriting Practice. 610 $aWriting. 615 7$aLITERARY CRITICISM / General. 676 $a808.025 700 $aBartelmus$b Martin$4edt$01427545 702 $aBartelmus$b Martin$4ctb$4https://id.loc.gov/vocabulary/relators/ctb 702 $aBartelmus$b Martin$4edt$4http://id.loc.gov/vocabulary/relators/edt 702 $aDettke$b Julia$f1984-$4ctb$4https://id.loc.gov/vocabulary/relators/ctb 702 $aEckert$b Lena$4ctb$4https://id.loc.gov/vocabulary/relators/ctb 702 $aNantke$b Julia$4ctb$4https://id.loc.gov/vocabulary/relators/ctb 702 $aNarayanan$b Nishant K.$4ctb$4https://id.loc.gov/vocabulary/relators/ctb 702 $aNebrig$b Alexander$4ctb$4https://id.loc.gov/vocabulary/relators/ctb 702 $aNebrig$b Alexander$4edt$4http://id.loc.gov/vocabulary/relators/edt 702 $aPolberg$b Julian$4ctb$4https://id.loc.gov/vocabulary/relators/ctb 702 $aRichter$b Till$4ctb$4https://id.loc.gov/vocabulary/relators/ctb 702 $aRickenbacher$b Sergej$f1982-$4ctb$4https://id.loc.gov/vocabulary/relators/ctb 702 $aRobinet$b Jayro?me C.$f1977-$4ctb$4https://id.loc.gov/vocabulary/relators/ctb 702 $aRuf$b Oliver$f1978-$4ctb$4https://id.loc.gov/vocabulary/relators/ctb 702 $aScherübl$b Florian$4ctb$4https://id.loc.gov/vocabulary/relators/ctb 702 $aTrösch$b Jodok$4ctb$4https://id.loc.gov/vocabulary/relators/ctb 702 $aVorrath$b Wiebke$4ctb$4https://id.loc.gov/vocabulary/relators/ctb 712 02$aUniversitäts- und Landesbibliothek Düsseldorf$4fnd$4http://id.loc.gov/vocabulary/relators/fnd 801 0$bDE-B1597 801 1$bDE-B1597 906 $aBOOK 912 $a996492064603316 996 $aSchriftlichkeit$93561118 997 $aUNISA